Efektívnosť a intenzifikácia

Na minha lista:
Detalhes bibliográficos
Autor principal: Švantnerová, Jiřina
Formato: Livro
Idioma:eslovaco
Publicado em: Bratislava Pravda 1988
Edição:1. vyd.
Colecção:Ekonomická veda a socialistická súčasnosť
Tags: Adicionar Tag
Sem tags, seja o primeiro a adicionar uma tag!

MARC

LEADER 00000nam a2200000 4500
001 c024588
005 20221219091524.4
041 0 |a slo 
044 |a SK 
245 1 0 |a Efektívnosť a intenzifikácia  |c J. Švantnerová 
250 |a 1. vyd. 
264 1 |a Bratislava  |b Pravda  |c 1988 
300 |a 312 s. 
490 1 |a Ekonomická veda a socialistická súčasnosť 
830 0 |a Ekonomická veda a socialistická súčasnosť 
100 1 |a Švantnerová, Jiřina